[Event "Challenge"]
[Site "http://www.queenalice.com/game.php?id=801580"]
[Date "2010.7.10"]
[Round "-"]
[White "filomenos"]
[Black "Raeth"]
[Result "1-0"]
[WhiteElo "1762"]
[BlackElo "1756"]

1. d4 Nf6 2. Nf3 e6 3. g3 b6 4. Bg2 Bb7 5. O-O Be7 6. Bf4 d6 7. c3 Nbd7 8. Nbd2
Nh5 9. Be3 O-O 10. Nb3 h6 11. Qd3 Qc8 12. Bd2 Ndf6 13. Rfe1 a6 14. Bc1 Rd8 15.
Nbd2 e5 16. dxe5 dxe5 17. Qc2 Bd6 18. Nb3 Ng4 19. Bh3 Be4 20. Qxe4 1-0

[Event "Challenge"]
[Site "http://www.queenalice.com/game.php?id=801998"]
[Date "2010.7.11"]
[Round "-"]
[White "Raeth"]
[Black "Milpat"]
[Result "1-0"]
[WhiteElo "1739"]
[BlackElo "1768"]

1. d4 Nf6 2. Nf3 c5 3. c3 cxd4 4. cxd4 d6 5. e3 g6 6. Bd3 Bg7 7. O-O O-O 8. Re1
Nc6 9. a3 e5 10. Nc3 exd4 11. exd4 Bg4 12. Be2 Re8 13. Be3 Qd7 14. Qd2 Ne4 15.
Nxe4 Rxe4 16. Ng5 Re7 17. Bxg4 f5 18. Bf3 d5 19. Nh3 Rae8 20. Nf4 1-0

[Event "Challenge"]
[Site "http://www.queenalice.com/game.php?id=802001"]
[Date "2010.7.11"]
[Round "-"]
[White "Milpat"]
[Black "Raeth"]
[Result "1-0"]
[WhiteElo "1736"]
[BlackElo "1737"]

1. c4 c6 2. Nc3 d5 3. cxd5 cxd5 4. d4 Nf6 5. Bf4 a6 6. Nf3 Nc6 7. g3 e6 8. Bg2
Qb6 9. O-O Qxb2 10. Na4 Qb5 11. Rb1 1-0

[Event "Challenge"]
[Site "http://www.queenalice.com/game.php?id=805097"]
[Date "2010.7.18"]
[Round "-"]
[White "Milpat"]
[Black "Raeth"]
[Result "1-0"]
[WhiteElo "1751"]
[BlackElo "1740"]

1. Nf3 Nf6 2. g3 b6 3. Bg2 Bb7 4. O-O e6 5. c4 Nc6 6. d4 d5 7. cxd5 Nxd5 8. e4
Nf6 9. Nc3 Be7 10. d5 Nb8 11. dxe6 fxe6 12. Qb3 1-0

[Event "Challenge"]
[Site "http://www.queenalice.com/game.php?id=806010"]
[Date "2010.7.20"]
[Round "-"]
[White "ORNELAS"]
[Black "Raeth"]
[Result "0-1"]
[WhiteElo "1761"]
[BlackElo "1724"]

1. b3 d5 2. Bb2 Bf5 3. g3 c6 4. Bg2 Nf6 5. d3 g6 6. Nd2 Bg7 7. Ngf3 Nbd7 8. Nh4
Bg4 9. h3 Be6 10. Ndf3 h6 11. d4 g5 12. Bc1 gxh4 13. Nxh4 Ne4 14. O-O Nc3 15.
Qd3 Bxd4 16. Qxd4 Nxe2+ 17. Kh2 Nxd4 18. c3 Nf5 0-1

[Event "Challenge"]
[Site "http://www.queenalice.com/game.php?id=807798"]
[Date "2010.7.24"]
[Round "-"]
[White "ztnilz"]
[Black "Raeth"]
[Result "1-0"]
[WhiteElo "1751"]
[BlackElo "1786"]

1. e4 c6 2. Nc3 d5 3. d4 dxe4 4. Nxe4 Nf6 5. Nxf6+ gxf6 6. Nf3 Bg4 7. Be2 h5 8.
Bf4 Nd7 9. c3 Qb6 10. b4 Bh6 11. Bxh6 Rxh6 12. Qd2 Rh8 13. h3 Be6 14. a4 Rg8 15.
Nh4 Bd5 16. O-O O-O-O 17. c4 Be6 18. Kh2 Rg7 19. d5 Ne5 20. c5 Qc7 21. f4 Rxd5
22. Qe3 Nd7 23. Kh1 f5 24. Bf3 Rg3 25. Kh2 1-0

[Event "Challenge"]
[Site "http://www.queenalice.com/game.php?id=807799"]
[Date "2010.7.24"]
[Round "-"]
[White "Raeth"]
[Black "ztnilz"]
[Result "0-1"]
[WhiteElo "1769"]
[BlackElo "1768"]

1. d4 d5 2. Nf3 Nc6 3. e3 e6 4. c3 Nf6 5. Bd3 Be7 6. O-O a6 7. Nbd2 Bd6 8. e4
dxe4 9. Nxe4 Be7 10. Re1 O-O 11. Nfg5 h6 12. Nh3 e5 13. dxe5 Nxe5 14. Nxf6+ Bxf6
15. Re3 Nc4 16. Rf3 Ne5 17. Rg3 g5 18. Nf4 Bg7 19. Nh5 Nc4 20. Nxg7 Kxg7 21.
Bxg5 hxg5 22. Bxc4 f6 23. Qc2 b6 24. Rh3 Bxh3 0-1

[Event "Challenge"]
[Site "http://www.queenalice.com/game.php?id=808717"]
[Date "2010.7.26"]
[Round "-"]
[White "davidlemarseillais91"]
[Black "Raeth"]
[Result "1-0"]
[WhiteElo "1828"]
[BlackElo "1751"]

1. e4 c6 2. d4 d5 3. exd5 cxd5 4. c3 Nf6 5. Bf4 e6 6. Bd3 Bd6 7. Bg5 Nbd7 8. Nf3
O-O 9. O-O Qc7 10. Nbd2 b6 11. Re1 Re8 12. Qe2 Bb7 13. Ne5 Nxe5 14. dxe5 1-0

[Event "Challenge"]
[Site "http://www.queenalice.com/game.php?id=814725"]
[Date "2010.8.7"]
[Round "-"]
[White "vasileC"]
[Black "Raeth"]
[Result "0-1"]
[WhiteElo "1786"]
[BlackElo "1753"]

1. Nf3 Nf6 2. e3 e6 3. Be2 b6 4. O-O Bb7 5. c3 Bd6 6. d3 Nc6 7. b4 Ne5 8. a4
Neg4 9. e4 O-O 10. h3 Nh6 11. Bxh6 gxh6 12. Qd2 h5 13. Nh2 Kh8 14. Qh6 Rg8 15.
Bxh5 Bf8 16. Qf4 Nxh5 17. Qe5+ Nf6 18. g4 Bg7 19. Qg3 d6 20. Nd2 Nd7 21. d4 Bh6
22. f4 Qe7 23. Kf2 Raf8 24. Rg1 f5 25. g5 fxe4 26. h4 Qf7 27. Ke3 Nf6 28. Raf1
Nd5+ 29. Ke2 Nxf4+ 30. Rxf4 Qxf4 31. Qxf4 Rxf4 32. Rg4 Rxg4 33. Nxg4 Bxg5 34.
hxg5 Rxg5 35. Nf6 h5 36. Nfxe4 Bxe4 37. Nxe4 Rg6 38. Kf3 h4 39. Nf2 Rg3+ 40. Ke2
Rxc3 41. Kf1 Rc4 42. Kg2 Rxd4 43. a5 Rd2 44. Kg1 Rxf2 45. Kxf2 Kg7 46. Kg2 Kf6
47. Kh3 Kf5 48. Kxh4 Kf4 49. Kh3 Kf3 50. Kh4 e5 51. Kg5 e4 52. axb6 axb6 53. Kf5
e3 54. Ke6 e2 55. Kd7 e1=Q 56. Kxc7 Qxb4 0-1

[Event "Challenge"]
[Site "http://www.queenalice.com/game.php?id=814726"]
[Date "2010.8.7"]
[Round "-"]
[White "Raeth"]
[Black "vasileC"]
[Result "1-0"]
[WhiteElo "1770"]
[BlackElo "1769"]

1. d4 g6 2. Nf3 Nf6 3. e3 Bg7 4. Bd3 O-O 5. O-O d6 6. Nbd2 b6 7. Re1 Bb7 8. c3
h6 9. e4 Nh5 10. Nh4 e6 11. Nhf3 Nd7 12. h3 c5 13. Nf1 Ndf6 14. N1h2 Rb8 15. e5
Nd5 16. Ng4 Bc8 17. Bxh6 Bxh6 18. Nxh6+ Kh7 19. Ng4 Bb7 20. Be4 f5 21. exf6
Ndxf6 22. Nxf6+ Rxf6 23. Bxb7 Rxb7 24. Ng5+ Kh6 25. Rxe6 Rxe6 26. Nxe6 Qf6 27.
Qd2+ Kh7 28. Ng5+ Kg8 29. Re1 Ng7 30. Ne4 Qd8 31. Qf4 Nf5 32. g4 d5 33. gxf5
dxe4 34. Qxe4 Qg5+ 35. Qg2 Qxg2+ 36. Kxg2 gxf5 37. Re5 Rf7 38. dxc5 bxc5 39.
Rxc5 f4 40. Kf1 f3 41. Rc8+ Kg7 42. Rd8 Rf6 43. h4 Ra6 44. a3 Kg6 45. Rd3 Rf6
46. b4 a6 47. c4 Kh5 48. Rd4 Rf5 49. Ke1 Re5+ 50. Kf1 Rf5 51. Rd5 Rxd5 52. cxd5
Kxh4 53. d6 1-0

[Event "Hello more one?"]
[Site "http://www.queenalice.com/game.php?id=815021"]
[Date "2010.8.8"]
[Round "-"]
[White "Raeth"]
[Black "antoniozla"]
[Result "0-1"]
[WhiteElo "1753"]
[BlackElo "1697"]

1. d4 d5 2. h3 Bf5 3. Nd2 e6 4. Ngf3 Bb4 5. c3 Ba5 6. g4 Bg6 7. Bg2 Nc6 8. O-O
h6 9. Nb3 Bb6 10. Nfd2 Nf6 11. f3 Ne7 12. Re1 c6 13. Nf1 Qd6 14. Nbd2 Bc7 15. c4
O-O 16. c5 Qd8 17. b4 Bh7 18. Nb3 Ng6 19. a3 Nf4 20. Bxf4 Bxf4 21. e3 Bc7 22. e4
Bf4 23. e5 Nd7 24. Nbd2 f6 25. exf6 Qxf6 26. Nb3 Bc7 27. Qe2 Rae8 28. Rac1 e5
29. Qf2 e4 30. Rc3 Qf4 31. Rce3 Nf6 32. Nbd2 exf3 33. Rxf3 Qg5 34. Kh1 Be4 35.
Nxe4 Nxe4 36. Rxf8+ Rxf8 37. Qe3 Bf4 38. Qb3 Kh8 39. Bxe4 dxe4 40. Rxe4 Qh4 41.
Qf3 Qg5 42. Qe2 Qd5 43. Kg1 Bg5 44. Nd2 Bxd2 0-1

[Event "luque"]
[Site "http://www.queenalice.com/game.php?id=818406"]
[Date "2010.8.15"]
[Round "-"]
[White "Raeth"]
[Black "bubu52"]
[Result "1-0"]
[WhiteElo "1735"]
[BlackElo "1770"]

1. d4 d5 2. h3 g6 3. Nf3 Bg7 4. e3 Nf6 5. Bd3 O-O 6. Nbd2 b6 7. e4 dxe4 8. Nxe4
Nxe4 9. Bxe4 c6 10. O-O f5 11. Bd3 Bxd4 12. Bc4+ e6 13. Qxd4 Qxd4 14. Nxd4 Bb7
15. Bxe6+ Kg7 16. Re1 c5 17. Nb3 Nc6 18. Bd5 Rad8 19. Bf3 Rf7 20. Bg5 Rdd7 21.
c3 h6 22. Be3 f4 23. Bc1 Rf5 24. Bg4 Rdd5 25. Bxf5 Rxf5 26. Bd2 Ne5 27. Bxf4 Nd3
28. Re7+ Rf7 29. Rxf7+ Kxf7 30. Bxh6 Nxb2 31. Re1 Nd3 32. Re3 1-0

[Event "luque"]
[Site "http://www.queenalice.com/game.php?id=820199"]
[Date "2010.8.19"]
[Round "-"]
[White "bubu52"]
[Black "Raeth"]
[Result "1-0"]
[WhiteElo "1744"]
[BlackElo "1735"]

1. d4 Nf6 2. c4 e6 3. a3 b6 4. Nc3 Bb7 5. Bg5 Be7 6. b4 a6 7. Bxf6 Bxf6 8. e4 d6
9. Nf3 Nd7 10. Bd3 O-O 11. O-O c5 12. e5 Be7 13. bxc5 dxc5 14. Bc2 Bxf3 15. gxf3
Qc7 16. f4 Rfd8 17. d5 Bh4 18. Qh5 1-0

[Event "Challenge"]
[Site "http://www.queenalice.com/game.php?id=820751"]
[Date "2010.8.20"]
[Round "-"]
[White "ORNELAS"]
[Black "Raeth"]
[Result "0-1"]
[WhiteElo "1655"]
[BlackElo "1752"]

1. b3 d5 2. e3 c6 3. Bb2 Bf5 4. d3 h6 5. g3 e6 6. Nd2 Nf6 7. Ngf3 Nbd7 8. Nh4
Bh7 9. Ndf3 g5 10. Ng2 Bg7 11. d4 Ne4 12. Bd3 c5 13. Bb5 O-O 14. Nd2 Rc8 15.
Nxe4 Bxe4 16. O-O Qc7 17. c4 Nb6 18. cxd5 Nxd5 19. Bd3 Bxd3 20. Re1 Bb5 21. dxc5
Bxb2 22. Rb1 Bg7 23. Rc1 Qa5 24. Qc2 Nb4 25. Qd2 Rfd8 26. Qxd8+ Rxd8 27. h3 Nd3
28. Red1 Nxc1 29. Rxc1 Qxa2 30. b4 Qa3 31. Rb1 Rd2 32. Re1 Qxb4 33. Kh2 Rxf2 34.
Kg1 Rxg2+ 35. Kxg2 Qxe1 36. Kf3 Qe2+ 37. Ke4 Bc6# 0-1

[Event "Challenge"]
[Site "http://www.queenalice.com/game.php?id=822360"]
[Date "2010.8.24"]
[Round "-"]
[White "PedoneA0"]
[Black "Raeth"]
[Result "0-1"]
[WhiteElo "1857"]
[BlackElo "1764"]

1. Nf3 Nf6 2. g3 b6 3. Bg2 Bb7 4. O-O e6 5. d4 Be7 6. c4 d6 7. Nc3 Nbd7 8. Qc2
O-O 9. e4 c6 10. Be3 Qc7 11. Rfd1 Rac8 12. b3 Rfd8 13. d5 cxd5 14. Nb5 Qb8 15.
exd5 exd5 16. Nd2 dxc4 17. bxc4 Bxg2 18. Kxg2 Qb7+ 19. Kg1 Ne5 20. Qa4 a6 21.
Na3 d5 22. cxd5 Rxd5 23. Rab1 b5 24. Qb3 Rd3 0-1

[Event "Challenge"]
[Site "http://www.queenalice.com/game.php?id=822361"]
[Date "2010.8.24"]
[Round "-"]
[White "PedoneA0"]
[Black "Raeth"]
[Result "0-1"]
[WhiteElo "1787"]
[BlackElo "1784"]

1. d4 Nf6 2. Nf3 e6 3. g3 b6 4. Bg2 Bb7 5. O-O Be7 6. c4 d6 7. Nc3 Nbd7 8. Qc2
O-O 9. e4 c5 10. d5 exd5 11. exd5 Re8 12. Bf4 Nh5 13. Qd2 Nf8 14. b3 Ng6 15. Be3
Qd7 16. Rfe1 Bf6 17. Ng5 Qf5 18. f4 Bxg5 19. fxg5 Ne5 20. Be4 Nf3+ 21. Bxf3 Qxf3
22. Bf2 a6 23. Rf1 Qg4 24. Be3 Nxg3 0-1